| 000 | 00540nam a22002057a 4500 | ||
|---|---|---|---|
| 003 | LK-CoMWRAF | ||
| 005 | 20231230104105.0 | ||
| 008 | 231030b |||||||| |||| 00| 0 eng d | ||
| 020 | _a0140433880 | ||
| 040 |
_aLK-CoMWRAF _dLK-CoMWRAF _eLK-CoMWRAF |
||
| 041 | _aeng | ||
| 082 |
_a823 _bNEA |
||
| 100 | _aNeale, Catherine | ||
| 110 | _aEliot, George | ||
| 245 | _aMiddlemarch | ||
| 260 |
_aNew York : Penguin Books, 1994. _bPenguin books, _c1994 |
||
| 300 | _a xxiv, 852 p. : ill. ; 20 cm. | ||
| 650 | _aEnglish Fiction | ||
| 942 | _cBK | ||
| 999 |
_c4048 _d4048 |
||